Statistiche per Elenca la formazione - Finale UEFA Europa League 2022-2023

Clicka qui per fare il quiz!

Statistiche generali

  • Questo quiz è stato fatto 16 volte
  • Il punteggio medio è 14 su 22

Statistiche sulle risposte

RuoloNazioneCalciatore% Corretto
DifensoreInghilterraChris Smalling
94%
DifensoreItaliaGianluca Mancini
94%
TrequartistaArgentinaPaulo Dybala
94%
PortierePortogalloRui Patrício
94%
AttaccanteInghilterraTammy Abraham
94%
TrequartistaItaliaLorenzo Pellegrini
88%
CentrocampistaSerbiaNemanja Matić
88%
DifensoreBrasileRoger Ibañez
81%
CentrocampistaTurchiaZeki Çelik
81%
CentrocampistaItaliaBryan Cristante
69%
PortiereMaroccoYassine Bounou
69%
AlaArgentinaLucas Ocampos
63%
CentrocampistaCroaziaIvan Rakitić
56%
DifensoreSpagnaJesús Navas
50%
CentrocampistaItaliaLeonardo Spinazzola
50%
AttaccanteMaroccoYoussef En-Nesyri
44%
CentrocampistaBrasileFernando
38%
DifensoreFranciaLoïc Badé
38%
AlaSpagnaBryan Gil
31%
DifensoreSerbiaNemanja Gudelj
25%
DifensoreBrasileAlex Telles
19%
TrequartistaSpagnaÓliver Torres
6%

Distribuzione punteggi

Percentile per numero di risposta

Percentuale di utenti per punteggio

I tuoi punteggi nel tempo

Non hai fatto questo quiz